An analysis of synanthropic flora of the select towns of south-east Poland

Bibliographic Details
Main Authors: Kucharczyk, Marek (Author), Šwies, Florian (Author)
Format: Article
Language:English
Slovak
PhysicalDescription:Tb. 3. Res. nem., lit. 9 zázn. v angl.
Subjects:

MARC

LEADER 00000nab a2200000 a 4500
001 vtls000440970
003 SK-MaSNL
005 20260319075301.0
008 160204c1988 xo 0 eng
015 |a SNBRA19rr/mm-uuuuu 
035 |a CL0441100 
040 |a SNKBUCL  |b slo  |c SNKBUCL  |e AACR2 
041 0 |a slo 
044 |a xo  |c SK 
080 |a 581.55  |2 1981 
100 1 |a Kucharczyk, Marek  |4 aut  |9 969234 
245 1 0 |a An analysis of synanthropic flora of the select towns of south-east Poland  |c Marek Kucharczyk, Florian Šwies 
300 |b Tb. 3. Res. nem., lit. 9 zázn. v angl. 
650 0 7 |a synantropná flóra  |2 snkbucl  |9 93706 
650 0 7 |a Poľsko východné  |2 snkbucl  |9 969235 
655 7 |a články zo zborníkov  |2 snkbucl  |9 166140 
700 1 |a Šwies, Florian  |4 aut  |9 969236 
773 0 |t Synanthropic Flora and Vegetation 5  |d Martin, 1988  |g S. 331-336 
850 |a Slovenská národná knižnica v Martine  |a MTA001 
852 |a SNK  |b KIS3GCP 
958 |a NB 
958 |a RK 
958 |a PL 
992 |a RZB 
999 |c 1549915  |d 1551845